000
00335 a2200169 4500
001
186072
020
_a
85-16-03720-7
040
_c
Magnum
100
_a
Pasqualin, Ernesto
240
1
0
_a
The web
_l
ING
245
1
0
_a
The web
300
_a
40
362
0
_a
2004
440
1
_a
Moderna
697
_a
LITERATURA INGLESA
942
_c
BK
999
_c
186072
_d
186072